Cell ultrastructure (Record no. 23301)

MARC details
000 -LEADER
fixed length control field 00298nam a2200121Ia 4500
082 ## - DEWEY DECIMAL CLASSIFICATION NUMBER
Classification number 576.3
Item number JEN
100 ## - MAIN ENTRY--AUTHOR NAME
Personal name Jensen, William A
245 #0 - TITLE STATEMENT
Title Cell ultrastructure
260 ## - PUBLICATION, DISTRIBUTION, ETC. (IMPRINT)
Place of publication Belmont
Name of publisher Wadsworth
Year of publication 1967
700 ## - ADDED ENTRY--PERSONAL NAME
Personal name Park, Roderic B
942 ## - ADDED ENTRY ELEMENTS (KOHA)
Koha item type Books
Holdings
Withdrawn status Lost status Damaged status Not for loan Home library Current library Date acquired Cost, normal purchase price Full call number Accession Number Koha item type
        RRII Library RRII Library 16/12/2021 51.70 576.3 JEN 04001 Books